| 000 | 00347nam a22001337a 4500 | ||
|---|---|---|---|
| 020 | _qPB. | ||
| 040 | _cFIZZA ISHAQ | ||
| 082 |
_a624.72 _bDAV |
||
| 100 |
_aFANELLA, A.DAVID. _990496 |
||
| 245 |
_aSTRUCTURAL LOAD DETERMINATION 2018 IBC / _cDAVID A. FANELLA. |
||
| 260 |
_aLONDON ; _bMC GRAW HILL ; _c2018. |
||
| 300 | _a564 P. ; | ||
| 942 |
_2ddc _cBK |
||
| 999 |
_c589143 _d589143 |
||